Personnel management & human resources / (Record no. 41903)

MARC details
000 -LEADER
fixed length control field 00713nam a22002057a 4500
005 - DATE AND TIME OF LATEST TRANSACTION
control field 20100814140739.0
010 ## - LCCN (DPL NO)
LC control number ENG-100230
020 ## - INTERNATIONAL STANDARD BOOK NUMBER
Terms of availability 170.00
035 ## - SYSTEM CONTROL NUMBER
System control number EN-83762
037 ## - SOURCE OF ACQUISITION
Source of stock number/acquisition DABD/Author
082 ## - DEWEY DECIMAL CLASSIFICATION NUMBER
Classification number 658.3
100 ## - MAIN ENTRY--PERSONAL NAME
Personal name Vijaya Banu, P.
245 ## - TITLE STATEMENT
Title Personnel management & human resources /
Statement of responsibility, etc by P.Vijaya Banu
260 ## - PUBLICATION, DISTRIBUTION, ETC. (IMPRINT)
Place of publication, distribution, etc Kumbakonam
Name of publisher, distributor, etc Angel offset
Date of publication, distribution, etc 2006
270 ## - ADDRESS
Address 21-B, Mothilal Street,
City Kumbakonam
300 ## - PHYSICAL DESCRIPTION
Extent 102p.
Dimensions 25cm (pbk)
650 ## - SUBJECT ADDED ENTRY--TOPICAL TERM
Topical term or geographic name as entry element Personal Management
942 ## - ADDED ENTRY ELEMENTS (KOHA)
Source of classification or shelving scheme Dewey Decimal Classification
Item type English Books
Classification part 658.3
Call number suffix VIJ
Holdings
Withdrawn status Lost status Not for loan Collection code Home library Current library Date acquired Source of acquisition Cost, normal purchase price Full call number Barcode Copy number Cost, replacement price Koha item type
    Not For Loan Non-fiction D.B.Act.Division D.B.Act.Division 14/08/2010 DBAD/PUB 170.00 658.3 VIJ EN-83762 1 170.00 English Books

© Delhi Public Library
Hit Counter
free hit counter